000 01643cam a22003254a 4500
001 12681574
003 OSt
005 20210414113842.0
008 020215s2003 at a b 001 0 eng
010 _a 2002102410
020 _a0534520936
035 _a(DLC) 2002102410
040 _aDLC
_cDLC
_dDLC
042 _apcc
050 0 0 _aBF76.5.P34
082 0 0 _a150/.7/2
_221
100 1 _aPelham, Brett W.,
_d1961-
245 1 0 _aConducting research in psychology :
_bmeasuring the weight of smoke /
_cBrett W. Pelham, Hart Blanton.
250 _a2nd ed.
260 _aAustralia ;
_aBelmont, CA :
_bThomson/Wadsworth,
_cc2003.
300 _axviii, 411 p. :
_bill. ;
_c24 cm.
504 _aIncludes bibliographical references (p. 391-401) and indexes.
505 _aContents: How do we know? -- How do we find out? -- Moving from fact to truth: Validity, reality, and measurement -- How do we misinterpret? Common threats to validity -- Nonexperimental research designs -- Experience carefully planned: Experimental research designs -- Experience carefully exploited: Quasi-experimental research designs -- Research design -- Being a successful researcher -- A Brief course in statistics -- Telling the world about it -- How to describe the results of statistical analyses -- Putting your knowledge to work: 20 Methodology problems -- Appendix
650 0 _aPsychology
_xResearch
_xMethodology.
650 0 _aPsychology, Experimental.
700 1 _aBlanton, Hart,
_d1967-
906 _a7
_bcbc
_corignew
_d2
_eepcn
_f20
_gy-gencatlg
942 _2lcc
_cBK
999 _c60
_d7560